La filosofía contemporánea del Derecho y del Estado

Saved in:
Bibliografiske detaljer
Hovedforfatter: Larenz, Karl (Author)
Format: Bog
Sprog:spansk
Udgivet: Santiago Ediciones Olejnik 2017
Udgivelse:1a. ed
Serier:Biblioteca de Filosofía del Derecho
Fag:
Online adgang:Disponible en VLEX
Tags: Tilføj Tag
Ingen Tags, Vær først til at tagge denne postø!

MARC

LEADER 00000cam a2200000 a 4500
001 UCC5170
003 CL-VaPUC
005 20240805144453.0
008 180927e20170000cl |||||||||||||||||spa|d
999 |c 372443  |d 372441 
020 |a 9789567799985 
040 |c Pontificia Universidad Católica de Valparaíso 
082 0 4 |a 340.1  |b LAR  |2 21 
100 |a Larenz, Karl  |e author  |9 599434 
245 1 3 |a La filosofía contemporánea del Derecho y del Estado 
250 |a 1a. ed 
260 |a Santiago  |b Ediciones Olejnik  |c 2017 
300 |a 246 p 
490 0 |a Biblioteca de Filosofía del Derecho 
583 |a last modification  |c 20180927 22:58:00  |k Rodrigo Vera 
650 0 |a Filosofía del derecho   |9 255050 
650 0 |a Teoría del derecho  |9 255982 
650 0 |a Positivismo  |9 269460 
856 |u http://pucv.idm.oclc.org/login?url=http://vlex.com/account/login_ip  |y Disponible en VLEX 
942 |c BK  |2 ddc 
945 |d 20180927 22:58:00  |a dcastane 
952 |0 0  |1 0  |3 erb  |4 0  |6 340_100000000000000_LAR_2017  |7 0  |8 A  |9 490107  |a BIBDER  |b BIBDER  |i 5502802  |o 340.1 LAR 2017  |p 5502802  |r 2023-01-25  |w 2019-11-24  |y BK  |z Catalogado en:20180927  |k DER